| 000 | 00432nam a2200121Ia 4500 | ||
|---|---|---|---|
| 008 | 211119s9999||||xx |||||||||||||| ||und|| | ||
| 082 |
_a894.812 3 _bMAH-N |
||
| 100 | _aMahaswedadevi, | ||
| 245 | 0 | _aNon Veg Pashuvum Mattu Kathakalum | |
| 260 |
_bMathrubhumi Books _aKottayam _c2011 |
||
| 650 |
_aLiterature & rhetoric _v Literatures of other languagesAltaic, Uralic, Hyperborean & Dravidian Malayalam _xGeneral Stack |
||
| 942 | _cBOOK | ||
| 999 |
_c119918 _d119918 |
||